000 00427nab a2200145Ia 4500
003 ES-SlBCS
005 20210601125856.0
008 140529s1996 xxu||||| |||| 00| 0 fre d
041 _afre
100 1 _aVincent, Hubert
_9165412
245 0 0 _aScepticisme et usage du monde
_c Hubert Vincent
650 0 4 _aEscepticismo
_9117291
773 0 _tArchives de Philosophie
_gvol. 59, nº. 3, 1996, págs. 403-425
_wRev1418
942 _cAR
999 _c537285
_d537285